000 00431cam a2200169ua 4500
020 _c4.00
041 _amal
_h
082 _a894.812308
_bTUR/PI
100 _aTurgenev, .
245 _aPithakanmarum puthranmarum /
_cTurgenev.
_hTextual Documents
260 _aKottayam :
_bSahitya Pravarthaka Co-operative Society ,
_c1966.
300 _a352 ; .
365 _a4.00
504 _a
942 _cBK
999 _c4560
_d4560